000 00727nam a22002057a 4500
999 _c19672
_d19672
003 AR-CdUCM
008 190520b ||||| |||| 00| 0 spa d
040 _aMUNICIPALIDAD PROVINCIAL DEL CUSCO
_cBIBLIOTECA MUNICIPAL DEL CUSCO
082 _a985.019 /
_bP26
100 _aPardo, Luis A.
_925736
245 _aLa guerra de los quechuas con los Chancas /
260 _aLima :
_c1969.
300 _a77 páginas ;
_bImágenes, láminas
_c20 cm.
505 _aContenido : Encumbramiento de los Incas -- Rebelión de los Chancas -- Civilización de los Chancas...
650 _aLos Incas
_91836
650 _aCivilización de los Chancas
_941152
650 _aDerrota de los Chancas
_941153
942 _2ddc
_cLIBROS
945 _arcc